Mobilné zariadenia v podnikovom živote
Zisťovanie miery využitia mobilných zariadení u slovenských podnikateľov pracujúcich v okrese Dunajská Streda. Prehľad vyhodnotení niektorých vybraných otázok, ktoré autori považujú z hľadiska prieskumu za najzaujímavejšie. Najčastejšie komunikačné prostriedky používané v medzipodnikovej komunikácii...
Salvato in:
| Autore principale: | |
|---|---|
| Altri autori: | |
| Natura: | Capitolo di libro |
| Lingua: | slovacco |
| Soggetti: | |
| Tags: |
Nessun Tag, puoi essere il primo ad aggiungerne!!
|
MARC
| LEADER | 00000naa$a2200000$$$4500 | ||
|---|---|---|---|
| 001 | 0249431 | ||
| 005 | 20240502074004.6 | ||
| 041 | 0 | |a slo | |
| 044 | |a SK | ||
| 245 | 1 | 0 | |a Mobilné zariadenia v podnikovom živote |c Attila Pólya, Dóra Muzsay |
| 520 | |a Zisťovanie miery využitia mobilných zariadení u slovenských podnikateľov pracujúcich v okrese Dunajská Streda. Prehľad vyhodnotení niektorých vybraných otázok, ktoré autori považujú z hľadiska prieskumu za najzaujímavejšie. Najčastejšie komunikačné prostriedky používané v medzipodnikovej komunikácii. Podnikové systémy, programy. Porovnanie pracovných procesov v minulosti a v súčastnosti vo vybranej firme. | ||
| 610 | 2 | 0 | |a firmy |
| 610 | 2 | 0 | |a systémy informačné podnikové |
| 610 | 2 | 0 | |a technológie informačné |
| 610 | 2 | 0 | |a technológie komunikačné |
| 610 | 2 | 0 | |a komunikácia elektronická |
| 610 | 2 | 0 | |a telefón mobilný |
| 610 | 2 | 0 | |a prieskum |
| 100 | 1 | |a Pólya, Attila | |
| 700 | 1 | |a Muzsay, Dóra | |